[Event "BCF-chT2 2223 (4NCL)"]
[Site "England"]
[Date "2023.01.15"]
[Round "4.51"]
[White "Claridge Hansen, William"]
[Black "Cumming, Rhys"]
[Result "1/2-1/2"]
[WhiteElo "2345"]
[BlackElo "2360"]
[PlyCount "50"]
[EventDate "2022.10.22"]
[EventType "team-tourn"]
[EventRounds "11"]
[EventCountry "ENG"]
[SourceTitle "EXT 2024"]
[Source "ChessBase"]
[SourceDate "2023.10.10"]
[SourceVersion "1"]
[SourceVersionDate "2023.10.10"]
[SourceQuality "1"]
[WhiteTeam "Oxford"]
[BlackTeam "Sussex Martlets"]
[WhiteTeamCountry "ENG"]
[BlackTeamCountry "ENG"]

1. c4 e5 2. g3 Nf6 3. Bg2 d5 4. cxd5 Nxd5 5. Nf3 Nc6 6. 0-0 Nb6 7. b3 Be6 8. Bb2 f6 9. Nc3 Qd7 10. Rc1 0-0-0 11. Qc2 Kb8 12. Rfd1 Nd4 13. Nxd4 exd4 14. Ne4 d3 15. exd3 c6 16. Nc5 Bxc5 17. Qxc5 Qxd3 18. Qe7 Qd7 19. Qxd7 Rxd7 20. d4 Bf5 21. Re1 Rhd8 22. Re2 Nd5 23. Rd2 Nc7 24. f3 h5 25. Kf2 Ne6 1/2-1/2

[Event "Lisbon Portugal rapid op"]
[Site "Lisbon"]
[Date "2022.09.03"]
[Round "7"]
[White "Cumming, Rhys"]
[Black "Dias, Paulo Jorge Guimara"]
[Result "1-0"]
[WhiteElo "2372"]
[BlackElo "2341"]
[PlyCount "47"]
[EventDate "2022.09.03"]
[EventType "swiss (rapid)"]
[EventRounds "11"]
[EventCountry "POR"]
[SourceTitle "CBM 210 Extra"]
[Source "ChessBase"]
[SourceDate "2022.11.30"]
[SourceVersion "1"]
[SourceVersionDate "2022.11.30"]
[SourceQuality "1"]

1. d4 d5 2. c4 e6 3. Nc3 Nf6 4. cxd5 exd5 5. Bg5 Bb4 6. e3 c5 7. dxc5 Nbd7 8. Rc1 Qa5 9. Bd3 Ne4 10. Bxe4 dxe4 11. a3 Bxc5 12. Qd5 0-0 13. Nge2 Nb6 14. Qxe4 Bxa3 15. bxa3 Qxg5 16. 0-0 h6 17. Nd4 Qg4 18. Rfd1 Rd8 19. h3 Qg5 20. Nf3 Rxd1+ 21. Rxd1 Qf5 22. Rd8+ Kh7 23. Qe8 Qf6 24. Ne5 1-0

[Event "Lisbon Portugal rapid op"]
[Site "Lisbon"]
[Date "2022.09.03"]
[Round "1"]
[White "Cumming, Rhys"]
[Black "Monteiro, Carlos Alberto C"]
[Result "1-0"]
[WhiteElo "2372"]
[BlackElo "1299"]
[PlyCount "21"]
[EventDate "2022.09.03"]
[EventType "swiss (rapid)"]
[EventRounds "11"]
[EventCountry "POR"]
[SourceTitle "CBM 210 Extra"]
[Source "ChessBase"]
[SourceDate "2022.11.30"]
[SourceVersion "1"]
[SourceVersionDate "2022.11.30"]
[SourceQuality "1"]

1. e4 Nc6 2. Nf3 e5 3. Bb5 Nd4 4. Nxd4 exd4 5. 0-0 c6 6. Bc4 Nf6 7. Re1 Be7 8. e5 Nd5 9. Bxd5 cxd5 10. Qg4 0-0 11. Qxd4 1-0

[Event "Lisbon Portugal rapid op"]
[Site "Lisbon"]
[Date "2022.09.03"]
[Round "4"]
[White "Silva, Miguel Antonio Neto"]
[Black "Cumming, Rhys"]
[Result "0-1"]
[WhiteElo "2213"]
[BlackElo "2372"]
[PlyCount "84"]
[EventDate "2022.09.03"]
[EventType "swiss (rapid)"]
[EventRounds "11"]
[EventCountry "POR"]
[SourceTitle "CBM 210 Extra"]
[Source "ChessBase"]
[SourceDate "2022.11.30"]
[SourceVersion "1"]
[SourceVersionDate "2022.11.30"]
[SourceQuality "1"]

1. d4 Nf6 2. c4 g6 3. Nc3 d5 4. Nf3 Bg7 5. Qb3 dxc4 6. Qxc4 0-0 7. e4 a6 8. Be2 b5 9. Qb3 c5 10. dxc5 Be6 11. Qc2 Nbd7 12. Be3 Rc8 13. Rd1 b4 14. Nd5 Bxd5 15. exd5 Nxc5 16. 0-0 Qd6 17. Bc4 a5 18. Rfe1 Nfd7 19. Bb5 Ne5 20. Nxe5 Bxe5 21. g3 Nb7 22. Qe2 Qf6 23. Bh6 Bxb2 24. Bxf8 Kxf8 25. Ba6 Rc7 26. Qb5 Nd8 27. d6 exd6 28. Qe8+ Kg7 29. Qb5 Rc2 30. Re2 Rxe2 31. Qxe2 Be5 32. Kg2 Ne6 33. Bc4 Nd4 34. Qe4 Nf5 35. Bb3 h5 36. Rc1 h4 37. Rc7 d5 38. Qc2 Bxc7 39. Qxc7 Qe6 40. Bc2 h3+ 41. Kf1 Nd4 42. Bd1 Qe4 0-1

[Event "POR-chT"]
[Site "Ovar"]
[Date "2022.07.20"]
[Round "7.1"]
[White "Cumming, Rhys"]
[Black "Taboas Rodriguez, Daniel"]
[Result "1/2-1/2"]
[WhiteElo "2338"]
[BlackElo "2353"]
[PlyCount "39"]
[EventDate "2022.07.16"]
[EventType "team-tourn"]
[EventRounds "9"]
[EventCountry "POR"]
[SourceTitle "CBM 209 Extra"]
[Source "ChessBase"]
[SourceDate "2022.09.30"]
[SourceVersion "1"]
[SourceVersionDate "2022.09.30"]
[SourceQuality "1"]
[WhiteTeam "Montemor o Velho"]
[BlackTeam "Coimbra"]
[WhiteTeamCountry "POR"]
[BlackTeamCountry "POR"]

1. e4 e5 2. Nf3 Nc6 3. Bc4 Nf6 4. d3 Bc5 5. 0-0 d6 6. c3 a6 7. a4 Ba7 8. Re1 h6 9. Nbd2 Ne7 10. Nf1 0-0 11. h3 Ng6 12. Ng3 c6 13. Ba2 d5 14. exd5 Nxd5 15. d4 exd4 16. Nxd4 Be6 17. Ngf5 Qf6 18. Qf3 Kh8 19. Bb1 Rae8 20. Be3 1/2-1/2

[Event "POR-chT"]
[Site "Ovar"]
[Date "2022.07.17"]
[Round "3.1"]
[White "Cumming, Rhys"]
[Black "Larkin, Vladislav"]
[Result "1/2-1/2"]
[WhiteElo "2338"]
[BlackElo "2455"]
[PlyCount "33"]
[EventDate "2022.07.16"]
[EventType "team-tourn"]
[EventRounds "9"]
[EventCountry "POR"]
[SourceTitle "CBM 209 Extra"]
[Source "ChessBase"]
[SourceDate "2022.09.30"]
[SourceVersion "1"]
[SourceVersionDate "2022.09.30"]
[SourceQuality "1"]
[WhiteTeam "Montemor o Velho"]
[BlackTeam "Estrelas S Joao de Brito"]
[WhiteTeamCountry "POR"]
[BlackTeamCountry "POR"]

1. d4 Nf6 2. c4 e6 3. Nc3 Bb4 4. Qc2 d6 5. e3 0-0 6. Bd3 b6 7. Nge2 Bb7 8. 0-0 d5 9. Rd1 Nbd7 10. e4 dxe4 11. Nxe4 Be7 12. b3 Qc8 13. Bb2 Nxe4 14. Bxe4 Nf6 15. Bxb7 Qxb7 16. Ng3 c6 17. Rd3 1/2-1/2

[Event "POR-chT"]
[Site "Ovar"]
[Date "2022.07.17"]
[Round "2.1"]
[White "Del Rio de Angelis, Salvador Gabriel"]
[Black "Cumming, Rhys"]
[Result "1/2-1/2"]
[WhiteElo "2442"]
[BlackElo "2338"]
[PlyCount "29"]
[EventDate "2022.07.16"]
[EventType "team-tourn"]
[EventRounds "9"]
[EventCountry "POR"]
[SourceTitle "CBM 209 Extra"]
[Source "ChessBase"]
[SourceDate "2022.09.30"]
[SourceVersion "1"]
[SourceVersionDate "2022.09.30"]
[SourceQuality "1"]
[WhiteTeam "Assembleia Figueirense"]
[BlackTeam "Montemor o Velho"]
[WhiteTeamCountry "POR"]
[BlackTeamCountry "POR"]

1. d4 Nf6 2. c4 g6 3. Nf3 Bg7 4. e3 0-0 5. Be2 b6 6. 0-0 Bb7 7. Nc3 d5 8. Bd2 Nbd7 9. cxd5 Nxd5 10. Qc2 Nxc3 11. Bxc3 c5 12. Rfd1 cxd4 13. Bxd4 Rc8 14. Qa4 Qc7 15. Bxg7 1/2-1/2

[Event "BCF-chT 2122 (4NCL)"]
[Site "England"]
[Date "2022.05.02"]
[Round "9.71"]
[White "Cumming, Rhys"]
[Black "Claridge Hansen, William"]
[Result "1/2-1/2"]
[WhiteElo "2373"]
[BlackElo "2318"]
[PlyCount "25"]
[EventDate "2021.11.27"]
[EventType "team-swiss"]
[EventRounds "11"]
[EventCountry "ENG"]
[SourceTitle "EXT 2023"]
[Source "ChessBase"]
[SourceDate "2022.10.05"]
[SourceVersion "1"]
[SourceVersionDate "2022.10.05"]
[SourceQuality "1"]
[WhiteTeam "Sussex Martlets"]
[BlackTeam "Oxford"]
[WhiteTeamCountry "ENG"]
[BlackTeamCountry "ENG"]

1. e4 c6 2. d4 d5 3. exd5 cxd5 4. Bf4 Nc6 5. Nf3 Bf5 6. c4 e6 7. Nc3 dxc4 8. Bxc4 Bd6 9. Bxd6 Qxd6 10. 0-0 Nge7 11. d5 exd5 12. Bxd5 Rd8 13. Be4 1/2-1/2

[Event "BCF-chT 2122 (4NCL)"]
[Site "England"]
[Date "2022.03.27"]
[Round "6.71"]
[White "Cumming, Rhys"]
[Black "Bisby, Daniel L"]
[Result "1-0"]
[WhiteElo "2373"]
[BlackElo "2296"]
[PlyCount "85"]
[EventDate "2021.11.27"]
[EventType "team-swiss"]
[EventRounds "11"]
[EventCountry "ENG"]
[SourceTitle "EXT 2023"]
[Source "ChessBase"]
[SourceDate "2022.10.05"]
[SourceVersion "1"]
[SourceVersionDate "2022.10.05"]
[SourceQuality "1"]
[WhiteTeam "Sussex Martlets"]
[BlackTeam "Cambridge University"]
[WhiteTeamCountry "ENG"]
[BlackTeamCountry "ENG"]

1. d4 d6 2. e4 g6 3. Nc3 Bg7 4. f4 Nf6 5. Nf3 0-0 6. Bd3 Nc6 7. e5 dxe5 8. fxe5 Nh5 9. Be3 f6 10. exf6 exf6 11. Qd2 f5 12. 0-0-0 f4 13. Bf2 Kh8 14. Rhe1 Bg4 15. Be2 Qd6 16. d5 Bxf3 17. Bxf3 Ne5 18. Bd4 Nc4 19. Bxg7+ Nxg7 20. Qd4 Ne3 21. Rd3 Rae8 22. Ne4 Qe5 23. Qxe5 Rxe5 24. Nc5 Rfe8 25. Nxb7 Ngf5 26. d6 cxd6 27. Nxd6 Nxd6 28. Rxd6 g5 29. h3 R8e7 30. b3 a5 31. Re2 a4 32. Red2 Rc5 33. Rc6 Rxc6 34. Bxc6 a3 35. Bf3 Kg7 36. c4 Nf5 37. c5 Re1+ 38. Rd1 Re3 39. c6 Kf6 40. Kb1 Rc3 41. Rc1 Rxc1+ 42. Kxc1 Ke5 43. c7 1-0

[Event "BCF-chT 2122 (4NCL)"]
[Site "England"]
[Date "2022.03.26"]
[Round "5.101"]
[White "Cumming, Rhys"]
[Black "Stoyanov, Viktor"]
[Result "1-0"]
[WhiteElo "2373"]
[BlackElo "2236"]
[PlyCount "43"]
[EventDate "2021.11.27"]
[EventType "team-swiss"]
[EventRounds "11"]
[EventCountry "ENG"]
[SourceTitle "EXT 2023"]
[Source "ChessBase"]
[SourceDate "2022.10.05"]
[SourceVersion "1"]
[SourceVersionDate "2022.10.05"]
[SourceQuality "1"]
[WhiteTeam "Sussex Martlets"]
[BlackTeam "Guildford Castles"]
[WhiteTeamCountry "ENG"]
[BlackTeamCountry "ENG"]

1. e4 c5 2. Nf3 Nc6 3. Bb5 e5 4. 0-0 Bd6 5. d4 exd4 6. c3 a6 7. Bc4 Nge7 8. cxd4 cxd4 9. Ng5 Ne5 10. Qxd4 Qc7 11. Bxf7+ Nxf7 12. Qxg7 Rf8 13. Nxh7 Bxh2+ 14. Kh1 Rh8 15. f4 Qc4 16. Nd2 Qe2 17. Rf3 Bxf4 18. Nf1 Qxe4 19. Qxh8+ Nxh8 20. Nf6+ Kd8 21. Nxe4 Bxc1 22. Rf8+ 1-0

[Event "Benidorm op-A"]
[Site "Benidorm"]
[Date "2021.12.09"]
[Round "6"]
[White "Cumming, Rhys"]
[Black "Rajarishi, Karthi"]
[Result "1/2-1/2"]
[WhiteElo "2377"]
[BlackElo "2207"]
[PlyCount "66"]
[EventDate "2021.12.04"]
[EventType "swiss"]
[EventRounds "9"]
[EventCountry "ESP"]
[SourceTitle "CBM 205 Extra"]
[Source "ChessBase"]
[SourceDate "2022.01.31"]
[SourceVersion "1"]
[SourceVersionDate "2022.01.31"]
[SourceQuality "1"]

1. d4 d5 2. c4 e6 3. Nf3 Nf6 4. g3 Be7 5. Bg2 0-0 6. 0-0 dxc4 7. Qa4 a6 8. Qxc4 b5 9. Qc2 Bb7 10. Bd2 Nbd7 11. Ba5 Rc8 12. Nbd2 Bd6 13. e4 e5 14. dxe5 Nxe5 15. Nxe5 Bxe5 16. Nb3 Qd6 17. Rad1 Qc6 18. Qb1 Ba8 19. Rc1 Qb7 20. Nc5 Qa7 21. Bd2 Rfe8 22. Rfe1 Bd4 23. Be3 Rcd8 24. b4 Bxe3 25. Rxe3 a5 26. Ra3 a4 27. Rd3 Qb6 28. Rcd1 Rd6 29. Rd4 Ng4 30. Qc1 Ne5 31. Qg5 h6 32. Qh5 Rxd4 33. Rxd4 Qf6 1/2-1/2

[Event "Figueira da Foz op 15th"]
[Site "Figueira da Foz"]
[Date "2021.11.01"]
[Round "2"]
[White "Cumming, Rhys"]
[Black "Roettgen, Juergen"]
[Result "1-0"]
[WhiteElo "2369"]
[BlackElo "2060"]
[PlyCount "63"]
[EventDate "2021.10.31"]
[EventType "swiss"]
[EventRounds "9"]
[EventCountry "POR"]
[SourceTitle "CBM 205 Extra"]
[Source "ChessBase"]
[SourceDate "2022.01.31"]
[SourceVersion "1"]
[SourceVersionDate "2022.01.31"]
[SourceQuality "1"]

1. e4 c5 2. Nf3 e6 3. d4 cxd4 4. Nxd4 Nc6 5. Nc3 Qc7 6. Be3 a6 7. Qf3 Bb4 8. Nxc6 Bxc3+ 9. bxc3 Qxc6 10. c4 Ne7 11. e5 Qxf3 12. gxf3 d5 13. exd6 Nf5 14. 0-0-0 Bd7 15. Bb6 Bc6 16. Rg1 Kd7 17. f4 g6 18. Bh3 Rhe8 19. Kb2 Rac8 20. c5 Ng7 21. Bg4 Nf5 22. Rge1 Nh4 23. Rg1 h5 24. Be2 Nf3 25. Rg3 Nh4 26. Rh3 Nf5 27. Bf3 Bxf3 28. Rxf3 e5 29. fxe5 Rxe5 30. Rb3 Re2 31. a4 Rxf2 32. c6+ 1-0

[Event "EU-Cup 36th"]
[Site "Struga"]
[Date "2021.09.22"]
[Round "5.1"]
[White "Cumming, Rhys"]
[Black "Saraci, Nderim"]
[Result "1-0"]
[WhiteElo "2361"]
[BlackElo "2466"]
[PlyCount "79"]
[EventDate "2021.09.18"]
[EventType "team-swiss"]
[EventRounds "7"]
[EventCountry "MKD"]
[SourceTitle "CBM 204 Extra"]
[Source "ChessBase"]
[SourceDate "2021.11.30"]
[SourceVersion "1"]
[SourceVersionDate "2021.11.30"]
[SourceQuality "1"]
[WhiteTeam "Sussex Martlets"]
[BlackTeam "Drejtesia"]
[WhiteTeamCountry "ENG"]
[BlackTeamCountry "KOS"]

1. e4 e5 2. Nf3 Nc6 3. Bc4 Bc5 4. b4 Bxb4 5. c3 Ba5 6. d4 Qe7 7. 0-0 Bb6 8. a4 a6 9. a5 Ba7 10. Qa4 Nh6 11. Ba3 Qd8 12. d5 Ne7 13. Nxe5 0-0 14. d6 cxd6 15. Bxd6 Bb8 16. Qa3 Bxd6 17. Qxd6 Nc6 18. Rd1 Qh4 19. Nd2 Nxe5 20. Qxe5 Qxf2+ 21. Kxf2 Ng4+ 22. Kg3 Nxe5 23. Bd5 g6 24. Nc4 Nxc4 25. Bxc4 Kg7 26. Rd6 Re8 27. Bd5 f5 28. exf5 gxf5 29. c4 Re7 30. Kf4 Kf8 31. Kxf5 Ke8 32. h4 Kd8 33. Be4 Kc7 34. c5 Rf7+ 35. Ke5 Re7+ 36. Kd4 Re6 37. Kd5 Rb8 38. Rf1 Re8 39. Rf7 Kd8 40. Kd4 1-0

[Event "EU-Cup 36th"]
[Site "Struga"]
[Date "2021.09.20"]
[Round "3.1"]
[White "Cumming, Rhys"]
[Black "Uruci, Endrit"]
[Result "1-0"]
[WhiteElo "2361"]
[BlackElo "2279"]
[PlyCount "83"]
[EventDate "2021.09.18"]
[EventType "team-swiss"]
[EventRounds "7"]
[EventCountry "MKD"]
[SourceTitle "CBM 204 Extra"]
[Source "ChessBase"]
[SourceDate "2021.11.30"]
[SourceVersion "1"]
[SourceVersionDate "2021.11.30"]
[SourceQuality "1"]
[WhiteTeam "Sussex Martlets"]
[BlackTeam "Dardania"]
[WhiteTeamCountry "ENG"]
[BlackTeamCountry "KOS"]

1. e4 c6 2. d4 d5 3. exd5 cxd5 4. Bf4 Nc6 5. Nf3 Nf6 6. Nbd2 Bf5 7. Bb5 Qb6 8. c4 a6 9. Bxc6+ bxc6 10. 0-0 e6 11. Ne5 Be7 12. c5 Qb5 13. a4 Qb7 14. Qb3 Rb8 15. Qxb7 Rxb7 16. Ra2 Nh5 17. Be3 Rc7 18. h3 f6 19. Nef3 Bd3 20. g4 g5 21. gxh5 Bxf1 22. Kxf1 Kf7 23. Ne1 Rb7 24. Nd3 Bd8 25. b4 Bc7 26. Nb3 e5 27. b5 axb5 28. a5 Ke6 29. Nb4 Kd7 30. dxe5 fxe5 31. Bxg5 Rf8 32. f4 Bd8 33. Rf2 Bxg5 34. fxg5 Rbb8 35. a6 d4 36. Na5 e4 37. Naxc6 Rxf2+ 38. Kxf2 Rf8+ 39. Ke1 d3 40. g6 Kc7 41. Nd4 Re8 42. Nxb5+ 1-0

[Event "POR-chT"]
[Site "Peniche"]
[Date "2021.07.25"]
[Round "9.4"]
[White "Espineira Gonzalez, Diego Adrian"]
[Black "Cumming, Rhys"]
[Result "0-1"]
[WhiteElo "2339"]
[BlackElo "2360"]
[PlyCount "130"]
[EventDate "2021.07.19"]
[EventType "team-tourn"]
[EventRounds "9"]
[EventCountry "POR"]
[SourceTitle "CBM 203 Extra"]
[Source "ChessBase"]
[SourceDate "2021.09.30"]
[SourceVersion "1"]
[SourceVersionDate "2021.09.30"]
[SourceQuality "1"]
[WhiteTeam "Amanha da Crianca"]
[BlackTeam "Montemor o Velho"]
[WhiteTeamCountry "POR"]
[BlackTeamCountry "POR"]

1. e4 e5 2. Nf3 Nc6 3. Bb5 a6 4. Ba4 Nf6 5. 0-0 Bc5 6. d3 b5 7. Bb3 h6 8. a4 Rb8 9. axb5 axb5 10. Nxe5 Nxe5 11. d4 Bxd4 12. Qxd4 d6 13. f4 Nc6 14. Qc3 Ne7 15. e5 Ne4 16. Qe1 Nc5 17. Ba2 0-0 18. b4 dxe5 19. Nc3 Na6 20. Ne2 Nd5 21. c3 Rb6 22. fxe5 c5 23. Nf4 Bb7 24. Bxd5 Bxd5 25. Be3 Bc4 26. Rf3 Re8 27. bxc5 Rc6 28. Bd4 Nxc5 29. Rg3 Ne6 30. Nxe6 Rexe6 31. Rd1 Qc8 32. Qd2 Rg6 33. Bf2 Rxg3 34. Qd8+ Qxd8 35. Rxd8+ Kh7 36. hxg3 Ra6 37. Rd2 Ra1+ 38. Kh2 Rb1 39. Bc5 Kg6 40. Rf2 Rc1 41. Bd4 Rd1 42. Rb2 h5 43. Bc5 Kf5 44. Bd4 g6 45. Rf2+ Ke4 46. Rf4+ Kd3 47. g4 hxg4 48. Rxg4 Kc2 49. Rf4 Rd2 50. Kg3 Be6 51. Rf3 Rd3 52. Kf4 Rxf3+ 53. gxf3 Kd3 54. Bb6 Kxc3 55. Ke3 b4 56. Ba5 g5 57. Ke2 Bd5 58. Ke3 Bc6 59. Ke2 Bb7 60. Ke3 Bd5 61. Ke2 Kb3 62. Bd8 Kc2 63. e6 Bxe6 64. Bxg5 b3 65. Bf6 b2 0-1

[Event "POR-chT"]
[Site "Peniche"]
[Date "2021.07.20"]
[Round "2.3"]
[White "Galego, Luis"]
[Black "Cumming, Rhys"]
[Result "1-0"]
[WhiteElo "2483"]
[BlackElo "2360"]
[PlyCount "97"]
[EventDate "2021.07.19"]
[EventType "team-tourn"]
[EventRounds "9"]
[EventCountry "POR"]
[SourceTitle "CBM 203 Extra"]
[Source "ChessBase"]
[SourceDate "2021.09.30"]
[SourceVersion "1"]
[SourceVersionDate "2021.09.30"]
[SourceQuality "1"]
[WhiteTeam "Assembleia Figueirense"]
[BlackTeam "Montemor o Velho"]
[WhiteTeamCountry "POR"]
[BlackTeamCountry "POR"]

1. d4 Nf6 2. Nf3 g6 3. g3 Bg7 4. Bg2 d5 5. c4 c6 6. Nbd2 0-0 7. 0-0 a5 8. b3 a4 9. Bb2 b5 10. Ne5 Qb6 11. cxb5 cxb5 12. b4 Na6 13. a3 Bf5 14. Ndf3 Ne4 15. Nd3 Nd6 16. Nc5 Nc4 17. Bc3 Rad8 18. e3 Nc7 19. Nd2 Nxd2 20. Qxd2 Ne8 21. Rfe1 Be6 22. Qa2 Qc6 23. Rac1 Nd6 24. Ba1 Qa8 25. Nxe6 fxe6 26. Rc5 Qa6 27. e4 Nxe4 28. Bxe4 dxe4 29. Rxe4 Rd6 30. Qe2 Rf5 31. Bc3 Qb7 32. Rxe6 Qf3 33. Rc8+ Bf8 34. Rxe7 Rdf6 35. Qxf3 Rxf3 36. Re2 Rf7 37. Kg2 h5 38. d5 Kh7 39. d6 Rd3 40. Ree8 Kg8 41. Be5 g5 42. Rc3 Rd2 43. Rf3 Rd5 44. Re6 Rxf3 45. Kxf3 Kf7 46. Rf6+ Ke8 47. Ke4 Rd2 48. Kf5 Rxf2+ 49. Ke6 1-0